Quizzes
Events
Quiz Creation
Community
Videos
Private Events
Remove Ads
Sign In
Join for FREE
Feedback
Dark Mode
Quiz Categories
Sports
Geography
Music
Movies
Television
Just For Fun
Miscellaneous
History
Literature
Language
Science
Gaming
Entertainment
Religion
Holiday
For Kids
Quiz Lab
Recent
Popular Today
Quiz Kudos Today
Editor Picks
Curator Picks
Quizzes by...
Day
Popularity
Type
Ratings
Length
Year
Community
Subscriptions
Recent Discussions
Orange Saloon
Badges
Playlists
Quests
Create
Leaderboards
Showdown
Live 5
Trivia Bingo
Activity
Puzzle Library
Sporcle Events
Private Events
Virtual Trivia
Globe League
Become a Host
Pub Owners
SporcleCon
Opinionation
Our Games
Videos
Blog
Mobile Apps
Partnerships
Remove Ads and Go Orange
Feedback
Movies
Disney
Marvel Cinematic Universe
Movie Resume
Movie Titles
Oscar
Actor
Actress
Director
Pixar
Role
Movie Quotes
Movie Characters
Box Office
Nominee
Best Picture
Star Wars
James Bond
Horror Movies
Movies
Disney
Marvel Cinematic Universe
Movie Resume
Movie Titles
Oscar
Actor
Actress
Director
Pixar
Role
Movie Quotes
Movie Characters
Box Office
Nominee
Best Picture
Star Wars
James Bond
Horror Movies
Random Quiz
Search Sporcle
×
Quiz Lab
Quiz Lab
Movies
Oscar
Type in answers that appear in a list
Type in answers that appear in a list
Classic
Best Score? Go Orange.
Oscar Winning Films of the 1980s Stats
Can you name the Oscar Winning Films of the 1980s?
By
moviemaniac14
10m
85 Questions
170 Plays
170 Plays
170 Plays
Comments
Comments
Give Quiz Kudos
Give Quiz Kudos
-
- Ratings
hide this ad
Replay
Link that replays current quiz
Next Quiz
Link to next quiz in quiz playlist
You Got
0%
They Got
Avg Score
57%
Avg Friend Score
Upgrade to see
Score Distribution
Jump to the score distribution portion of the page
Score
0/85
Timer
10:00
0
Plays Today
Year
Answer
% Correct
1986
Aliens
100%
1986
Platoon
93.5%
1980
Ordinary People
92.9%
1981
Chariots of Fire
91.8%
1988
Rain Man
91.8%
1987
The Last Emperor
91.2%
1989
Driving Miss Daisy
91.2%
1984
Amadeus
90.6%
1985
Out of Africa
90.6%
1982
Gandhi
90%
1983
Terms of Endearment
89.4%
1980
Raging Bull
82.9%
1981
Raiders of the Lost Ark
81.2%
1982
E.T: The Extra-Terrestrial
79.4%
1987
Moonstruck
78.8%
1981
On Golden Pond
78.2%
1986
Hannah and Her Sisters
78.2%
1980
The Empire Strikes Back
75.9%
1982
Sophie's Choice
75.9%
1981
Reds
74.7%
1985
Kiss of the Spider Woman
74.7%
1982
Tootsie
74.1%
1983
Return of the Jedi
73.5%
1986
Children of a Lesser God
72.4%
1989
Born on the Fourth of July
72.4%
1987
Wall Street
71.8%
1989
My Left Foot
71.8%
1984
The Killing Fields
70.6%
1984
Places in the Heart
70%
Year
Answer
% Correct
1980
Coal Miner's Daughter
69.4%
1983
Tender Mercies
68.2%
1986
The Color of Money
66.5%
1988
The Accused
63.5%
1982
An Officer and a Gentleman
62.9%
1987
The Untouchables
62.9%
1989
Glory
62.9%
1984
Indiana Jones and the Temple of Doom
62.4%
1985
Cocoon
62.4%
1985
Witness
61.8%
1988
Working Girl
61.8%
1984
A Passage to India
60%
1985
Prizzi's Honor
59.4%
1986
A Room with a View
59.4%
1989
The Little Mermaid
59.4%
1981
Arthur
57.6%
1983
The Year of Living Dangerously
57.6%
1985
Back to the Future
57.6%
1988
The Accidental Tourist
57.6%
1989
Indiana Jones and the Last Crusade
57.1%
1980
Melvin and Howard
55.3%
1985
The Trip to Bountiful
55.3%
1988
A Fish Called Wanda
52.4%
1988
Dangerous Liaisons
52.4%
1986
Top Gun
51.8%
1988
Who Framed Roger Rabbit
50.6%
1980
Fame
50%
1980
Tess
48.8%
1983
Flashdance
48.8%
Year
Answer
% Correct
1986
The Mission
48.8%
1987
Dirty Dancing
48.2%
1989
Dead Poets Society
46.5%
1988
Mississippi Burning
44.1%
1989
Batman
43.5%
1989
The Abyss
43.5%
1981
An American Werewolf in London
42.9%
1983
The Right Stuff
41.8%
1985
Mask
41.2%
1989
Henry V
37.6%
1983
Fanny and Alexander
35.3%
1984
The Woman in Red
34.1%
1986
The Fly
32.4%
1984
Purple Rain
31.8%
1985
White Nights
31.2%
1987
Harry and the Hendersons
30.6%
1985
Ran
30%
1982
Victor Victoria
29.4%
1987
Innerspace
29.4%
1988
Beetlejuice
28.8%
1983
Yentl
28.2%
1987
RoboCop
25.3%
1988
Bird
25.3%
1982
Quest for Fire
20.6%
1988
The Milagro Beanfield War
20%
1986
'Round Midnight
18.8%
1984
The River
18.2%
Quiz Playlist
Details
Report
Send in Message
Add To Playlist
Classic:
Type in answers that appear in a list
Last Updated: Dec 25, 2023
Quiz Scoreboard
CHALLENGE
Sign Up to Join the Scoreboard
Show All
Scores
Hide
Comments
May contain spoilers
Recently Published
An Introduction to Baseball
by treessimontrees
Sports
5m
Movies - When Are They Set?
by FPL_Elf
Movies
5m
Popular People in 1961
by mucciniale
History
6m
More to Explore
Quiz From the Vault
Featured Blog Post
Where Did the Easter Bunny Come From?
hide this ad
You Might Also Like...
Tags
Oscar Quiz
1980
Category
Winning
Today's Top Quizzes in Movies
Browse Movies
hide this ad
Today's Top Quizzes in Oscar
Browse Oscar
Top Contributed Quizzes in Movies
1
Pick 5 Posters: Directed by Spielberg
2
Pick 5 Posters: Lowest-Rated Spielberg
3
Multi-Oscar Nominations, One Movie, One Winner
4
7-to-1: Pixar Characters
5
12 Movies about Fictional 1960s Events
6
One Thing in Common: Movies
7
Pick 5 Posters: Directed by Scorsese
8
Sunday Crossword: Film Score Composers
9
Pick 5 Posters: Star & Director
10
Sorting Actors
Explore More
Trending Topics
Harry Potter
Kpop
Crossword
Anime
Marvel
Disney
NBA
Puzzle
Song
WWE
Soccer
Pokémon
Country
NFL
The Office
hide this ad
More By:
moviemaniac14
Quiz
Plays
Rating
Category
Featured
Created
Oscar Winning Films of the 2010s
654
4.73
Movies
Apr 10, 2015
Siskel and E b e r t's Top 10 Lists of the 1990s
650
3.80
Movies
Apr 25, 2015
Oscar Nominees for Major Categories Part 1 (1990-1994)
608
5.00
Entertainment
Oct 14, 2017
Siskel and E b e r t's Top 10 Lists of the 1980s
586
4.40
Movies
Apr 22, 2015
Oscar Nominees for Major Categories Part 2 (2015-2019)
575
5.00
Entertainment
Jan 24, 2018
Go to Creator's Profile
Score Distribution
Quiz Creator Spotlight
moviemaniac14
Follow
Send a Message
Quizzes Created
-
Created Quiz Play Count
-
More By This Creator
Popular Quizzes Today
1
Find the Countries of Europe - No Outlines Minefield
2
Find the US States - No Outlines Minefield
3
The Countries of the World
4
Popular People in 1961
5
US States
6
Find the US States
7
1-10 Letter E Words III
8
Risky Map Clicking: Biggest States A-Z
More Movies Quizzes
24 Movie Posters with Someone Wearing Blue II
Quiz Lab
Trending Quizzes
Risky Map Clicking: Least Populous States A-Z
1-10 Letter F Words
1-10 Letter G Words
Not Quite an Element Typing Challenge
One Thing in Common: United Kingdom
Recently Updated
Leaping Animals
pecheneg
Reality TV Shows (A-Z)
bhenderson79
Rickey Henderson's Hall of Fame Teammates
pecheneg
Champions League XIs: Arsenal
pecheneg
Quick Pick: Celebrities in WWE's Hall of Fame
aduchscher
A-Z Keypad Blitz II
pecheneg
Multiple Oscar Actors
pecheneg
Mystery Phrase Blitz: Oscar 'Best Actors'
pecheneg
F. Scott Fitzgerald Novels
LTH
Pick 3 Villains
ddd62291
Trending Topics
Anime
Harry Potter
Marvel
NBA
Crossword
Disney
Kpop
Soccer
WWE
NFL
Puzzle
Country
Pokémon
The Office
Song
Your Account Isn't Verified!
In order to create a playlist on Sporcle, you need to verify the email address you used during registration. Go to your
Sporcle Settings
to finish the process.
Report this User
Report this user for behavior that violates our
Community Guidelines
.
Details:
Send Report
Go to the Sporcle.com Mobile Site →
Comments